000 00538nam a2200205Ia 4500
005 20240120104630.0
008 131103s9999 xx 000 0 und d
040 _aLoreto College
041 _aEnglish
082 _a370
_bVAI
100 _aVaizey,John
245 _aEducation for Tomorrow,
_cJohn Vaizey
260 _aDelhi
_bPenguin Books
_c1967
300 _a121 p.
440 _aWorld University Library
504 _aIncludes bibliographical references and index
650 _aEducation
850 _aLCLIB
942 _cBK
999 _c10284
_d60763